Facultad de Derecho – Universidad Nacional de Mar del Plata

Nueva Gestión Judicial (Record no. 5108)

MARC details
000 -CABECERA
campo de control de longitud fija 00650nam a22001457a 4500
020 ## - NUMERO INTERNACIONAL NORMALIZADO PARA LIBROS (ISBN)
International Standard Book Number 9789878338057
080 ## - NUMERO DE CLASIFICACION DECIMAL UNIVERSAL (CDU)
Número de la Clasificación Decimal Universal 347.9 N 889
245 ## - MENCION DE TITULO
Título propiamente dicho Nueva Gestión Judicial
Parte restante del título Oralidad Civil efectiva en Argentina
260 ## - PUBLICACION, DISTRIBUCION, ETC. (PIE DE IMPRENTA)
Lugar de publicación, distribución, etc. Ciudad Autónoma de Buenos Aires
Nombre del editor, distribuidor, etc. Ediciones SAIJ,
Fecha de publicación, distribución, etc. 2019
300 ## - DESCRIPCION FISICA
Extensión 464 P.
Dimensiones 24 X 17 Cm.
490 ## - MENCION DE SERIE
Mención de serie Nueva Gestión Judicial
650 ## - ASIENTO SECUNDARIO DE MATERIA - TERMINO TEMATICO
Subdivisión general derecho procesal civil
-- oralidad
-- justicia 2030
-- protocolo de gestion de prueba
-- derecho a ser oido
-- audiencia de vista de causa
-- jurisprudencia
-- videograbacion de audiencias
-- inteligencia artificial
-- prueba pericial
-- administracion judicial 4.0
945 ## - INFORMACION DE PROCESAMIENTO LOCAL
Responsable de carga/modificación Celeste Delía
AAAA-MM-DD - Fecha de ingreso/modificación 2019-11-22
942 ## - ELEMENTOS AGREGADOS (KOHA)
Clasificación normalizada de Koha para alfabetizar _
Holdings
Retirado Perdido Fuente de clasificación Dañado No se presta Ubicación permanente Locación actual Estante o sala Fecha de adquisición Total préstamos Signatura topográfica Inventario Ultima fecha vista Fecha del precio Tipo de item de Koha
          Bib. Derecho Bib. Derecho Sala de Lectura 22/11/2019   347.9 N 889 204096 22/11/2019 22/11/2019 LIBRO (Consulta)

XHTML | CSS | ©Biblioteca Central - Dto. Tecnología de la Información - [ Con tecnología Koha ]